[Event "Halifax Maritime op"]
[Site "Halifax"]
[Date "2012.10.06"]
[Round "1"]
[White "Enman, Jim"]
[Black "Havik, Victor"]
[Result "0-1"]
[WhiteElo "1785"]
[BlackElo "2094"]
[PlyCount "102"]
[EventDate "2012.10.06"]
[EventType "swiss"]
[EventRounds "6"]
[EventCountry "CAN"]
[SourceTitle "EXT 2022"]
[Source "ChessBase"]
[SourceDate "2021.10.06"]
[SourceVersion "1"]
[SourceVersionDate "2021.10.06"]
[SourceQuality "1"]

1. d4 Nf6 2. Nf3 e6 3. Bg5 h6 4. Bxf6 Qxf6 5. e3 c5 6. c4 Nc6 7. Nc3 cxd4 8. exd4 Bb4 9. Be2 Bxc3+ 10. bxc3 b6 11. 0-0 0-0 12. Rb1 Ba6 13. Qa4 Na5 14. Ne5 d5 15. Nd7 Qe7 16. Nxf8 Kxf8 17. Rfe1 Bxc4 18. Bxc4 Nxc4 19. Qb4 Rc8 20. Qxe7+ Kxe7 21. Re2 Nd6 22. Rc1 Nb5 23. Rec2 Kd7 24. Kf1 g6 25. Ke2 Rc6 26. Kd3 Nd6 27. f3 b5 28. a4 bxa4 29. Ra1 Rc4 30. Rca2 Nb5 31. Rxa4 Rxc3+ 32. Kd2 Rc7 33. Ra5 Nxd4 34. R1a3 Nc6 35. Ra6 Rb7 36. h4 Rb2+ 37. Ke3 Rxg2 38. Rxc6 Kxc6 39. Rxa7 Rh2 40. Rxf7 Rxh4 41. Rf6 d4+ 42. Kd3 Kd5 43. Rxg6 Rh3 44. Ke2 Rh2+ 45. Kd3 Rf2 46. Rxh6 Rxf3+ 47. Kd2 e5 48. Rh5 Ke4 49. Rh4+ Rf4 50. Rh5 Rf2+ 51. Ke1 Ra2 0-1